<?xml version="1.0" encoding="UTF-8"?>
<record
    xmlns:xsi="http://www.w3.org/2001/XMLSchema-instance"
    xsi:schemaLocation="http://www.loc.gov/MARC21/slim http://www.loc.gov/standards/marcxml/schema/MARC21slim.xsd"
    xmlns="http://www.loc.gov/MARC21/slim">

  <leader>01054nam0a2200313 i 4500</leader>
  <controlfield tag="001">RU\NLR\BIBL_A\010346407</controlfield>
  <controlfield tag="005">20241103071830.0</controlfield>
  <datafield tag="010" ind1=" " ind2=" ">
    <subfield code="a">9785869835253</subfield>
    <subfield code="9">60</subfield>
  </datafield>
  <datafield tag="035" ind1=" " ind2=" ">
    <subfield code="a">(NLR Aleph) 010346407</subfield>
  </datafield>
  <datafield tag="090" ind1=" " ind2=" ">
    <subfield code="a">10725957</subfield>
    <subfield code="c">10725957</subfield>
  </datafield>
  <datafield tag="100" ind1=" " ind2=" ">
    <subfield code="a">20140423d2013    um y0rusy50      ca</subfield>
  </datafield>
  <datafield tag="101" ind1="0" ind2=" ">
    <subfield code="a">rus</subfield>
  </datafield>
  <datafield tag="102" ind1=" " ind2=" ">
    <subfield code="a">RU</subfield>
  </datafield>
  <datafield tag="105" ind1=" " ind2=" ">
    <subfield code="a">a|||z||||00yy</subfield>
  </datafield>
  <datafield tag="200" ind1="1" ind2=" ">
    <subfield code="a">&#x41E; &#x434;&#x430;&#x43C;&#x441;&#x43A;&#x43E;&#x439; &#x432;&#x435;&#x440;&#x445;&#x43E;&#x432;&#x43E;&#x439; &#x435;&#x437;&#x434;&#x435;</subfield>
    <subfield code="f">&#x418;&#x440;&#x438;&#x43D;&#x430; &#x424;&#x430;&#x434;&#x435;&#x435;&#x432;&#x430;</subfield>
  </datafield>
  <datafield tag="210" ind1=" " ind2=" ">
    <subfield code="a">&#x421;&#x430;&#x43D;&#x43A;&#x442;-&#x41F;&#x435;&#x442;&#x435;&#x440;&#x431;&#x443;&#x440;&#x433;</subfield>
    <subfield code="c">&#x41B;&#x44E;&#x431;&#x430;&#x432;&#x438;&#x447;</subfield>
    <subfield code="d">2013</subfield>
  </datafield>
  <datafield tag="215" ind1=" " ind2=" ">
    <subfield code="a">118, [1] &#x441;.</subfield>
    <subfield code="c">&#x438;&#x43B;., &#x446;&#x432;. &#x438;&#x43B;.</subfield>
    <subfield code="d">28</subfield>
  </datafield>
  <datafield tag="316" ind1=" " ind2=" ">
    <subfield code="a">&#x421; &#x430;&#x432;&#x442;&#x43E;&#x433;&#x440;. &#x430;&#x432;&#x442;.</subfield>
    <subfield code="5">NLR</subfield>
  </datafield>
  <datafield tag="316" ind1=" " ind2=" ">
    <subfield code="a">&#x42D;&#x43A;&#x437;. 26</subfield>
    <subfield code="5">NLR</subfield>
  </datafield>
  <datafield tag="320" ind1=" " ind2=" ">
    <subfield code="a">&#x411;&#x438;&#x431;&#x43B;&#x438;&#x43E;&#x433;&#x440;.: &#x441;. 117-118</subfield>
  </datafield>
  <datafield tag="606" ind1=" " ind2=" ">
    <subfield code="a">&#x41A;&#x43E;&#x441;&#x442;&#x44E;&#x43C; &#x436;&#x435;&#x43D;&#x441;&#x43A;&#x438;&#x439; &#x434;&#x43B;&#x44F; &#x432;&#x435;&#x440;&#x445;&#x43E;&#x432;&#x43E;&#x439; &#x435;&#x437;&#x434;&#x44B;</subfield>
    <subfield code="9">2182645</subfield>
    <subfield code="3">RU\NLR\AUTH\6601548910</subfield>
  </datafield>
  <datafield tag="606" ind1=" " ind2=" ">
    <subfield code="a">&#x412;&#x435;&#x440;&#x445;&#x43E;&#x432;&#x430;&#x44F; &#x435;&#x437;&#x434;&#x430;</subfield>
    <subfield code="9">1254227</subfield>
    <subfield code="3">RU\NLR\AUTH\66196697</subfield>
  </datafield>
  <datafield tag="686" ind1="1" ind2=" ">
    <subfield code="a">&#x429;126.63(0)</subfield>
  </datafield>
  <datafield tag="686" ind1="1" ind2=" ">
    <subfield code="a">&#x427;517.22</subfield>
  </datafield>
  <datafield tag="700" ind1=" " ind2="1">
    <subfield code="a">&#x424;&#x430;&#x434;&#x435;&#x435;&#x432;&#x430;</subfield>
    <subfield code="b">&#x418;.&#x412;.</subfield>
    <subfield code="g">&#x418;&#x440;&#x438;&#x43D;&#x430; &#x412;.</subfield>
  </datafield>
  <datafield tag="942" ind1=" " ind2=" ">
    <subfield code="c">BOOK</subfield>
  </datafield>
  <datafield tag="980" ind1=" " ind2=" ">
    <subfield code="a">NBR</subfield>
  </datafield>
</record>
